Play Date- Melanie Martinez lyrics - Statistics

General Stats
  • This quiz has been taken 392 times
  • The average score is 241 of 296
Answer Stats
Song Part Lyrics % Correct
Outro | Verse 1 You
97%
you
97%
you?
97%
a
96%
I
96%
play
95%
the
95%
me
94%
to
92%
your
92%
when
91%
and
90%
just
90%
no
90%
don't
89%
games
89%
I'm
89%
wanna
88%
date
87%
so
86%
with
86%
house
85%
alone
84%
call
84%
about
83%
fuck
83%
give
83%
hide
83%
it's
83%
on
83%
seek
83%
tell
83%
home
82%
never
82%
playin'
82%
shit
82%
far
81%
guess
81%
hard
81%
nobody's
81%
sheets
81%
telephone
81%
Pre-chorus We're
81%
Pre-chorus we're
81%
away
80%
gettin'
80%
share
80%
toys
80%
come
79%
ever
79%
feel
79%
or
79%
over
79%
who
79%
after
77%
said
77%
tired
77%
chasin'
76%
communicate
76%
of
76%
under
75%
there's
74%
anyways
72%
some
72%
always
71%
breathe
71%
walkin'
68%
time
66%
in
60%
all
59%
my
59%
this
58%
say
55%
wish
55%
care
54%
know
54%
board
53%
gave
53%
let
52%
mind
52%
you're
52%
didn't
51%
had
51%
if
51%
monopoly
51%
truth
51%
that
50%
what
50%
leave
49%
stay
49%
try
48%
will
47%
around
45%
need
45%
nothin'
43%
left
42%
talk
42%
rosie
41%
Bridge Ring
40%
ring
40%
everyday
39%
up
39%
Verse 2 wake
37%
bedroom
36%
No matching quizzes found
Score Distribution
Percent of People with Each Score
Percentile by Number Answered
Your Score History
You have not taken this quiz